[Event "Terrassa Barad op"]
[Site "Terrassa"]
[Date "2013.??.??"]
[Round "5"]
[White "Villa Cardenas, Jorge"]
[Black "Garcia Bueno, Robert"]
[Result "0-1"]
[WhiteElo "1659"]
[BlackElo "1806"]
[PlyCount "80"]
[EventDate "2013.10.18"]
[EventType "swiss"]
[EventRounds "8"]
[EventCountry "ESP"]
[SourceTitle "EXT 2015"]
[Source "ChessBase"]
[SourceDate "2014.11.20"]
[SourceVersion "1"]
[SourceVersionDate "2014.11.20"]
[SourceQuality "1"]

1. d4 Nf6 2. Nf3 g6 3. g3 Bg7 4. c4 0-0 5. Bg2 d5 6. 0-0 c6 7. Qb3 Nbd7 8. Nc3 Nb6 9. Ne5 dxc4 10. Nxc4 Qxd4 11. Nxb6 Qxb6 12. Qa3 e6 13. Be3 Qc7 14. Rac1 a6 15. Na4 Nd5 16. Bc5 Re8 17. e4 Nf6 18. Nb6 Rb8 19. Bd6 Qxb6 20. Bxb8 Nd7 21. Qd6 Be5 22. Qxe5 Nxe5 23. Bxe5 Qa5 24. Bf6 e5 25. a3 Qb6 26. Rc2 h6 27. g4 Bxg4 28. Bh4 g5 29. Bg3 Qb3 30. Rd2 h5 31. f3 Qe3+ 32. Rdf2 Be6 33. h4 gxh4 34. Bxh4 Qf4 35. Bh1 Qxh4 36. Rh2 Qf4 37. Rxh5 Qg3+ 38. Bg2 Rd8 39. Kh1 Rd2 40. Rh2 Kf8 0-1

[Event "Terrassa op-B"]
[Site "Terrassa"]
[Date "1996.??.??"]
[Round "3"]
[White "Garcia Bueno, Robert"]
[Black "Colom Andres, Xavier"]
[Result "0-1"]
[WhiteElo "1880"]
[BlackElo "2045"]
[PlyCount "92"]
[EventDate "1996.07.??"]
[EventType "swiss"]
[EventRounds "9"]
[EventCountry "ESP"]
[SourceTitle "EXT 2002"]
[Source "ChessBase"]
[SourceDate "2001.11.25"]
[SourceVersion "1"]
[SourceVersionDate "2001.11.25"]
[SourceQuality "1"]

1. e4 e6 2. f4 d5 3. e5 c5 4. d4 Nc6 5. Nf3 Bd7 6. Bb5 Nxe5 7. Bxd7+ Nxd7 8. 0-0 cxd4 9. Nxd4 Bc5 10. Kh1 Ne7 11. b3 Rc8 12. Bb2 Nc6 13. Nxc6 Rxc6 14. Bxg7 Rg8 15. Be5 Nxe5 16. fxe5 Qg5 17. Qf3 Rc7 18. Nc3 a6 19. Rad1 Rd7 20. Nxd5 exd5 21. Rxd5 Qe7 22. e6 fxe6 23. Qh5+ Rg6 24. Rxc5 Rd2 25. Rc8+ Kd7 26. Rc7+ Kxc7 27. Qa5+ Kc6 28. Qxd2 Qg5 29. Qc3+ Qc5 30. Qxc5+ Kxc5 31. Rf7 b5 32. c3 h6 33. g3 Kd5 34. Kg2 Ke4 35. Kf2 Kd3 36. h3 Kxc3 37. Ra7 e5 38. Rd7 Kb2 39. Rd2+ Kc3 40. Re2 Kd4 41. Kf3 Rf6+ 42. Kg2 e4 43. Rf2 Re6 44. Rf4 Kd3 45. Kf2 e3+ 46. Ke1 Rc6 0-1

[Event "Terrassa op-B"]
[Site "Terrassa"]
[Date "1996.??.??"]
[Round "1"]
[White "Garcia Bueno, Robert"]
[Black "Garcia Fernandez, Jose Antonio"]
[Result "0-1"]
[WhiteElo "1880"]
[BlackElo "2040"]
[PlyCount "70"]
[EventDate "1996.07.??"]
[EventType "swiss"]
[EventRounds "9"]
[EventCountry "ESP"]
[SourceTitle "EXT 2002"]
[Source "ChessBase"]
[SourceDate "2001.11.25"]
[SourceVersion "1"]
[SourceVersionDate "2001.11.25"]
[SourceQuality "1"]

1. e4 e5 2. Nf3 Nc6 3. d4 exd4 4. Nxd4 Bc5 5. Be3 Qf6 6. c3 Nge7 7. f4 0-0 8. Bc4 d5 9. exd5 Nxd4 10. Bxd4 Qxf4 11. Bxc5 Qxc4 12. Qd4 Qxd4 13. cxd4 Re8 14. Bxe7 Rxe7+ 15. Kd2 Bd7 16. a4 c6 17. Nc3 Rd8 18. Rhe1 Rxe1 19. Rxe1 cxd5 20. Nxd5 Bxa4 21. Ne7+ Kf8 22. Kc3 Re8 23. Ra1 Bb5 24. Nf5 a6 25. Nd6 Re3+ 26. Kb4 Re2 27. b3 Bc6 28. g3 Ke7 29. Nc8+ Kd7 30. Nb6+ Kc7 31. Kc5 Rc2+ 32. Nc4 b5 33. Rxa6 Bb7 34. Rb6 bxc4 35. bxc4 Rxc4+ 0-1

[Event "Terrassa op-B"]
[Site "Terrassa"]
[Date "1996.??.??"]
[Round "4"]
[White "Penas Hernandez, Yolanda"]
[Black "Garcia Bueno, Robert"]
[Result "1-0"]
[WhiteElo "1805"]
[BlackElo "1880"]
[PlyCount "89"]
[EventDate "1996.07.??"]
[EventType "swiss"]
[EventRounds "9"]
[EventCountry "ESP"]
[SourceTitle "EXT 2002"]
[Source "ChessBase"]
[SourceDate "2001.11.25"]
[SourceVersion "1"]
[SourceVersionDate "2001.11.25"]
[SourceQuality "1"]

1. e4 d6 2. d4 Nf6 3. Bd3 g6 4. Bg5 Bg7 5. f4 0-0 6. Nf3 c6 7. Nbd2 Qc7 8. 0-0 Bg4 9. c3 Re8 10. h3 Bxf3 11. Nxf3 d5 12. e5 Ne4 13. Qe1 f5 14. Qh4 a5 15. Bh6 Bh8 16. Ng5 e6 17. g4 Qe7 18. Bxe4 dxe4 19. Qg3 b5 20. h4 Nd7 21. h5 Nf8 22. gxf5 exf5 23. hxg6 hxg6 24. Kf2 Ne6 25. Nxe4 Qh7 26. Nd6 Qxh6 27. Nxe8 Rxe8 28. Ke3 Ng7 29. Rh1 Nh5 30. Qf3 Re6 31. Rag1 Kf7 32. Rh4 a4 33. Kf2 Ke7 34. d5 cxd5 35. Qxd5 Qf8 36. Qxb5 Qa8 37. Rd1 Qa7+ 38. Rd4 Rb6 39. Qc5+ Kf7 40. Ke3 Bf6 41. Qc4+ Re6 42. Rh2 Nxf4 43. Rh7+ Bg7 44. Kxf4 Kg8 45. Rxg7+ 1-0